| 000 | 00649nam a2200217Ia 4500 | ||
|---|---|---|---|
| 003 | GCL | ||
| 008 | 140319s9999 xx 000 0 ara d | ||
| 040 |
_aGCL / _cGCL |
||
| 082 | 0 | 4 |
_aط _b813.087 _bم س |
| 100 | 1 | _aمكتبة لبنان | |
| 245 | 1 | 0 |
_aاساطير اغريقية مشهورة / _cمكتبة لبنان |
| 260 |
_a[S.N] : _bمكتبة لبنان |
||
| 300 | _aمتعددة | ||
| 490 |
_aسلسلة حكايات واساطير _v0 |
||
| 650 | 0 | 4 | _aالاطفال |
| 650 | 0 | 4 | _aقصص الاطفال |
| 650 | 0 | 4 | _aادب الاطفال |
| 650 | 0 | 4 | _aالاساطير |
| 650 | 0 | 4 | _aالقصص الشعبية |
| 942 |
_2ddc _cBK |
||
| 999 |
_c32934 _d32934 |
||